000 00307nam a22001097a 4500
008 230627b xxu||||| |||| 00| 0 eng d
082 _a338.10
_bLIV 1981
245 _aAgricultural Economics for Tropical Africa
260 _aLondon
_bHeinemann Educational Books Ltd
_c1981
300 _aX,294p
942 _2ddc
_cBK
999 _c2796
_d2796